| 000 | 03012cam a2200889 a 4500 | ||
|---|---|---|---|
| 001 | 21689 | ||
| 003 | VRT | ||
| 005 | 20260309092424.0 | ||
| 008 | 240318s2016 xo a b n 000 m slo | ||
| 015 | _aSNBA2016/11 | ||
| 020 |
_a9788081426117 _q(viaz.) |
||
| 035 | _a3B67DADC-FF5D-4A48-A6E1-BDF20583B43A | ||
| 035 | _aurn:nbn:sk:snk-am3h4is | ||
| 035 | _aurn:nbn:sk:snk-am00cmp5 | ||
| 039 | 9 |
_a202407220824 _bAUTHORITY _c202403182139 _dVLOAD _c201803051039 _dVLOAD _c201801031447 _dmbin01 |
|
| 040 |
_aSVKBB _bslo _cSVKBB _dSNK _eAACR2 |
||
| 041 | 0 | _aslo | |
| 044 |
_axo _cSK |
||
| 072 | 7 |
_a39 _xEtnológia. Etnografia. Folklór _2konspekt |
|
| 080 |
_a39 _22011 |
||
| 080 |
_a398.1 _22011 |
||
| 080 |
_a821.162.4-34 _22011 |
||
| 080 |
_a82-94 _22011 |
||
| 080 |
_a82-93-053.2 _22011 |
||
| 080 |
_a398.54 _22011 |
||
| 080 |
_a398.9 _22011 |
||
| 080 |
_a82-84 _22011 |
||
| 080 |
_a784.4(=162.4) _22011 |
||
| 100 | 1 |
_aSlobodová, Elena, _d1940- _4aut |
|
| 245 | 1 | 0 |
_aSlovenský detský rok _bo ľudových zvykoch a tradíciách s Filipkom, Pripletkom, so Stonohom a Vševedkom _cElena Slobodová ; ilustrácie Zuzana Hlavatá |
| 250 | _a1. vyd. | ||
| 260 |
_aBratislava _bFortuna Libri _c2016 |
||
| 300 |
_a247 s. _bfareb. ilustr. _c27 cm |
||
| 504 | _aBibliogr.: s. 247 | ||
| 650 | 0 | 7 |
_azvyky a obyčaje _2SNKPH |
| 650 | 0 | 7 |
_aManners and customs _2SNKPHeng |
| 650 | 0 | 7 |
_aľudové tradície _2SNKPH |
| 650 | 0 | 7 |
_aFolk traditions _2SNKPHeng |
| 650 | 0 | 7 |
_aslovenské ľudové piesne _2SNKPH |
| 650 | 0 | 7 |
_aSlovak folk songs _2SNKPHeng |
| 650 | 0 | 7 |
_aľudové hry _2SNKPH |
| 650 | 0 | 7 |
_aFolk plays _2SNKPHeng |
| 650 | 0 | 7 |
_apríslovia a porekadlá _2SNKPH |
| 655 | 7 |
_aslovenské rozprávky _2SNKPH |
|
| 655 | 7 |
_aSlovak fairy tales _2SNKPHeng |
|
| 655 | 7 |
_ariekanky _2SNKPH |
|
| 655 | 7 |
_aNursery rhymes _2SNKPHeng |
|
| 655 | 7 |
_apublikácie pre deti _2SNKPH |
|
| 655 | 7 |
_aChildren's literature _2SNKPHeng |
|
| 700 | 1 |
_aHlavatá, Zuzana _4ill |
|
| 910 | _apppk | ||
| 910 | _apokpoh | ||
| 910 | _asnk | ||
| 910 | _asllk | ||
| 910 | _askpk | ||
| 910 | _avthk | ||
| 910 | _attkjf | ||
| 910 | _ahevk | ||
| 910 | _abjkdg | ||
| 910 | _atotk | ||
| 910 | _asavuk | ||
| 910 | _abin | ||
| 942 |
_2ddc _cKLDE _n0 |
||
| 949 |
_63875K09201 _abauluvZ 130 D2 _bbauluv2017/09201 _oRCR_BB |
||
| 949 |
_62889323439 _asavukV 53314 _bsavuk2017/345 |
||
| 949 |
_6270001000533208 _asvkbbC 61504 _bsvkbbm 764035 |
||
| 949 |
_617A1216589 _asnkSB 90710 _bsnk2016/24039 _o2195/16 _s6100:20161109 |
||
| 949 |
_617A1216590 _asnkSB 90710 D1 _bsnk2016/24040 _o2195/16 |
||
| 949 |
_6273K0608824 _asvkpoC 57302 _bsvkpo607721 |
||
| 949 |
_6273K0616498 _asvkpoC 57948 _bsvkpo614636 |
||
| 949 |
_6273K0616499 _asvkpoC 57948a _bsvkpo614637 |
||
| 949 |
_64950412236 _asnmksm12236 _bsnmksm2016/12236 |
||
| 949 |
_6273K0603865 _asvkpoC 56929 _bsvkpo602580 |
||
| 949 |
_63875K09146 _abauluvZ 130 _bbauluv2016/09146 |
||
| 949 |
_63870A25157 _abinT C2 011 _bbin25157 |
||
| 999 |
_c21689 _d21689 |
||